000
00285nam a2200109Ia 4500
008
200302s9999 xx 000 0 und d
100
_a
Frances Anderton
245
_a
Pop Architecture Kanner Architects
260
_b
Images Publishing Group Pyt. Ltd.
260
_c
1998
300
_a
160 P.,
999
_c
1165
_d
1165